000 00818nam a2200253Ia 4500
003 OSt
005 20220927104009.0
006 a|||||r|||| 00| 0
007 ta
008 220926b |||||||| |||| 00| 0 eng d
024 _a81594
037 _cReference Collections
040 _aRTL
_cRTL
_beng
041 _2eng
_aeng
082 _a"X9:77.6.N7, M2"
110 _aUnited Nations Industrial Development Organizaiton
_9362422
245 0 _aProgramme for the industrial development decade for africa
260 _aNew
_bYork United Nations USA
_c1982
300 _a217p.
_ccm.
650 _aIndustrial Economics
_9362423
700 _aUnited Nations Industrial Development Organizaiton
_9362424
942 _h"X9:77.6.N7, M2"
_cCC
999 _c685255
_d685255